000 00471nam a2200169Ia 4500
003 IN-BaIIA
008 211028s9999 xx 000 0 eng d
040 _cIIA Library
080 _a530.1
_bREN
100 _aRense, William A.
_95138
245 0 _aPhysical science
_cWilliam A. Rense
260 _aWaltham
_bBlaisdell Publishing
_c1966
300 _ax, 430p.
650 _aNASA Thesaurus
650 _aPhysics
_973
942 _cBK
999 _c2878
_d2878